Tekst znanych polskich piosenek - Statystyki

Ogólne statystyki
  • Ten quiz został rozwiązany 52 razy
  • Średni wynik to 18 z 31
Statystyki odpowiedzi
Tekst Autor % Poprawnych
Mniej niż {zero}-o-o-o-o-o-o-o-o-o-o-o-o-o Lady Pank
92%
Tu na razie jest {ściernis}co ale będzie San Francisco Golec uOrkiestra
92%
Jesteś sterem, białym {żołnierzem} Bajm
86%
Że ważne są tylko te dni, których {jeszcze nie znamy} M. Grechuta
83%
Kiedy byłem, kiedy byłem {małym chłopcem}, hej! Breakout
81%
Makumba, Makumba, Makumba ska, {Polska}-{Afryka}, {Afryka}-{Polska} Big Cyc
81%
Dzieci wesoło wybiegły ze szkoły, {zapaliły papierosy} Elektryczne Gitary
72%
Jeśli tylko jedno, jedno tylko wiem, być tam, {zawsze tam gdzie ty} Lady Pank
69%
Mój jest ten {kawałek podłogi} Mr. Zoob
69%
Tak jak Bolek i Lolek, {Tytus Romek i Atomek}, Dzieci z Bullerbyn, Tomek na tropach yeti Hurt
67%
Twoich czarnych oczu bliskość, wciąż kocham Cię jak {Irlandię} Kobranocka
67%
Wsiąść do pociągu byle jakiego, nie dbać o bagaż, nie dbać o {bilet} M. Rodowicz
67%
Byłaś dla mnie {wszystkim}, co się w życiu liczy Poparzeni Kawą 3
64%
{Przeżyj} to sam! Lombard
64%
Więc chodź, pomaluj mój świat na {żółto} i na {niebiesko} 2 plus 1
61%
{Emigrowałem}, z objęć twych nad ranem F. Andrzejczak
53%
{Prawy do lewego}, wypij kolego, przecież wiemy nigdy nie ma tego złego Kayah
53%
{Sing-Sing}, nazywają go, bo ma w oczach coś takiego, samo zło M. Rodowicz
53%
A kiedy przyjdzie także po mnie, zegarmistrz światła {purpurowy} T. Woźniak
47%
Tylko nie mów tego mi, nigdy nie mów tego mi, nigdy nie mów tego że {nienawidzisz} T. Love
47%
Konik - z drzewa {koń na biegunach} Urszula
44%
Mój dom murem podzielony, podzielone murem {schody} Kult
44%
Nie ma nikt takiej {nadziei} jak ja IRA
44%
Widziałam {orła} cień, do góry wzbił się, niczym wiatr Varius Manx
44%
Zacznij od {Bacha}, nim słońce po dachach Z. Wodecki
42%
{Cykady na Cykladach}, w nocy gwiazdy spadają, a dyskoteka gra Maanam
39%
{Telefony} w mojej głowie, bez przerwy trrrrrr, nikt nie dzwoni, nikt nie dzwoni, to tylko ja Republika
36%
Hej, {czy nie wiecie}, nie macie władzy na świecie Kult
33%
Tak nie wiele żądam, tak nie wiele pragnę, tak nie wiele widziałem, tak nie wiele {zobaczę} Chłopcy z Pl. Broni
33%
{Nie pytaj mnie}, dlaczego jestem z nią, {nie pytaj nie}, dlaczego z inną nie Obywatel G.C.
28%
{Nie poddaj się}, bierz życie jakim jest, i pomyśl że, na drugie nie masz szans Myslovitz
11%
Nie znaleziono quizów pasujących do podanych kryteriów
Rozkład punktacji
Procent ludzi z każdym wynikiem
Percentyl według liczby udzielonych odpowiedzi
Twoja historia wyników
Nie rozwiązałeś tego quizu